01368nam a2200289 a 4500001001000000005001700010008004100027041000800068044000700076084002000083100004500103245008700148260003100235300002200266500018100288500009700469500011600566500008200682500001100764546002400775650005200799650005600851650003400907650004500941700004200986740005001028BRCA_286820190320204016.0111208s1838----gw-a---###---#000-0dger-u ager agw a278b.K53c18381 aCervantes Saavedra, Miguel ded1547-161610aDer sinnreiche Junker Don Quixote von la Manchacvon Miguel de Cervantes Saavedra. aStuttgartbKlassikerc1838 a2 v.bil.c26 cm. aContenido : v 1. Primera parte. Noticia sobre la vida y obra del autor. Advertencia del traductor. Prólogo del autor. Texto. -- v 2. Segunda parte. Prólogo del autor. Texto aEdición : Aus dem spanischen Ibersetzt, mit dem Leben von Miguel de Cervantes nach Viardor aCopia de la edición Lo-277 de los mismos editores, pero sin el estudio de H. Heine. Semipiel Lúdovik Osterc aEstado físico : En ambos volúmenes el lomo está ligeramente desprendido aQM513A aTexto en : alemán14aNovela españolayÉpoca clásica, 1500-170014aLiteratura españolayÉpoca clásica, 1500-170014aNovela españolaySiglo XVII14aDon Quijote (Personaje ficticio)eNovela1 aViardot, Louisd1800-1883eBiógrafo0 aEl Ingenioso Hidalgo Don Quijote de la Mancha